Gaming Quiz

Random Gaming or Board Games Quiz

Monopoly States Quiz Stats

 Plays Quiz Updated Nov 28, 2012

Challenge
Share
Tweet
Embed
Score 0/10 Timer 01:00
0 Plays Today
State % Correct
New York
82%
Pennsylvania
71.9%
Illinois
67.8%
Indiana
63.9%
Connecticut
60.2%
Kentucky
55.8%
Virginia
54.2%
Vermont
53.9%
Tennessee
48.4%
North Carolina
47.6%

You're not logged in!

Compare scores with friends on all Sporcle quizzes.
Join for Free
OR
Log In

You Might Also Like...

Show Comments

Extras

Top Quizzes Today


Score Distribution

Your Account Isn't Verified!

In order to create a playlist on Sporcle, you need to verify the email address you used during registration. Go to your Sporcle Settings to finish the process.

Report this User

Report this user for behavior that violates our Community Guidelines.

Details: